00676nam a2200157Ia 4500003000600000005001700006008004100023040000800064082001700072100002200089245011800111300001900229505020700248650003200455650003100487GBCCL20241126110552.0180417b ||||| |||| 00| 0 eng d cgbc a248.844bTHE aTheophanie, S. T. aThe one flesh covenant:bA Biblical guide to marriage, divorce, separation and reconciliation /cS. T. Theophanie a69 p.;c19 cm. aLaw, grace, and obedience to faith -- Marriage and divorce -- Separation -- Procreation -- Repentance, forgiveness, and reconciliation through God's grace -- Consolation -- Admonition -- Clarifications. aMarriagevBiblical teaching aDivorcevBiblical teaching